[Event "8th RTU Open 2018"]
[Site "Riga"]
[Date "2018.08.09"]
[Round "6"]
[White "Smirnova, Ekaterina"]
[Black "Hedman, Erik"]
[Result "1/2-1/2"]
[WhiteElo "2165"]
[BlackElo "2370"]
[Annotator "NA"]
[PlyCount "79"]
[EventDate "2018.08.06"]
[EventType "swiss"]
[EventCountry "LAT"]
[SourceTitle "playchess.com"]
[Source "ChessBase"]
[SourceQuality "1"]
[TimeControl "5400+30"]

1. d4 {[%emt 0:04:23]} Nf6 {[%emt 0:00:00]} 2. c4 {[%emt 0:00:21]} c5 {[%emt 0:00:00]} 3. d5 {[%emt 0:00:27]} e6 {[%emt 0:00:00]} 4. Nc3 {[%emt 0:00:04]} exd5 {[%emt 0:00:01]} 5. cxd5 {[%emt 0:00:04]} d6 {[%emt 0:00:04]} 6. e4 {[%emt 0:00:04]} g6 {[%emt 0:00:03]} 7. f4 {[%emt 0:00:03]} Bg7 {[%emt 0:00:11]} 8. Bb5+ {[%emt 0:00:04]} Nfd7 {[%emt 0:00:04]} 9. Nf3 {[%emt 0:00:06]} a6 {[%emt 0:00:05]} 10. Bd3 {[%emt 0:00:03]} b5 {[%emt 0:00:05]} 11. O-O {[%emt 0:00:09]} O-O {[%emt 0:00:04]} 12. Kh1 {[%emt 0:00:02]} Re8 {[%emt 0:00:52]} 13. a3 {[%emt 0:00:17]} Ra7 {[%emt 0:00:13]} 14. f5 {[%emt 0:00:07]} Ne5 {[%emt 0:00:19]} 15. Bg5 {[%emt 0:00:19]} Bf6 {[%emt 0:00:15]} 16. Bxf6 {[%emt 0:00:06]} Qxf6 {[%emt 0:00:04]} 17. Nxe5 {[%emt 0:00:04]} Qxe5 {[%emt 0:00:28]} 18. Qd2 {[%emt 0:00:05]} Nd7 {[%emt 0:01:22]} 19. Rf3 {[%emt 0:07:27]} Nf6 {[%emt 0:09:29]} 20. Raf1 {[%emt 0:05:23]} Rf8 {[%emt 0:17:10]} 21. Qf2 {[%emt 0:05:41]} Kg7 {[%emt 0:13:06]} 22. h3 {[%emt 0:05:11]} h6 {[%emt 0:05:55]} 23. fxg6 {[%emt 0:08:37]} fxg6 {[%emt 0:01:38]} 24. a4 {[%emt 0:03:35]} bxa4 {[%emt 0:14:12]} 25. Nxa4 {[%emt 0:04:31]} Bd7 {[%emt 0:00:58]} 26. Nc3 {[%emt 0:13:46]} Bb5 {[%emt 0:02:50]} 27. Bxb5 {[%emt 0:06:31]} axb5 {[%emt 0:00:31]} 28. Qc2 {[%emt 0:00:06]} Raf7 {[%emt 0:01:50]} 29. Nxb5 {[%emt 0:04:26]} Qxe4 {[%emt 0:06:01]} 30. Qd2 {[%emt 0:00:52]} Qxd5 {[%emt 0:01:22]} 31. Qxd5 {[%emt 0:01:32]} Nxd5 {[%emt 0:00:06]} 32. Nxd6 {[%emt 0:00:09]} Rxf3 {[%emt 0:03:42]} 33. Rxf3 {[%emt 0:00:01]} Rxf3 {[%emt 0:04:49]} 34. gxf3 {[%emt 0:00:01]} Kf6 {[%emt 0:01:13]} 35. Ne4+ {[%emt 0:00:09]} Ke5 {[%emt 0:00:05]} 36. Nxc5 {[%emt 0:00:03]} Kf4 {[%emt 0:00:06]} 37. Nd3+ {[%emt 0:03:53]} Kxf3 {[%emt 0:02:08]} 38. Ne5+ {[%emt 0:00:01]} Kg3 {[%emt 0:00:14]} 39. Nxg6 {[%emt 0:00:04]} Kxh3 {[%emt 0:00:09]} 40. b3 {[%emt 0:00:08]} 1/2-1/2

[Event "8th RTU Open 2018"]
[Site "Riga"]
[Date "2018.08.09"]
[Round "6"]
[White "Osis, Renars"]
[Black "Dedebas, Emre Emin"]
[Result "0-1"]
[WhiteElo "2157"]
[BlackElo "2353"]
[Annotator "NA"]
[PlyCount "76"]
[EventDate "2018.08.06"]
[EventType "swiss"]
[EventCountry "LAT"]
[SourceTitle "playchess.com"]
[Source "ChessBase"]
[SourceQuality "1"]
[TimeControl "5400+30"]

1. d4 {[%emt 0:00:00]} Nf6 {[%emt 0:00:00]} 2. Nf3 {[%emt 0:00:00]} e6 {[%emt 0:00:00]} 3. Bf4 {[%emt 0:00:00]} d5 {[%emt 0:00:00]} 4. e3 {[%emt 0:00:00]} Bd6 {[%emt 0:00:00]} 5. Bd3 {[%emt 0:00:24]} O-O {[%emt 0:00:22]} 6. Nbd2 Bxf4 {[%emt 0:05:08]} 7. exf4 {[%emt 0:06:05]} b6 {[%emt 0:00:03]} 8. c3 {[%emt 0:05:40]} c5 {[%emt 0:00:24]} 9. Qe2 {[%emt 0:00:23]} Nc6 {[%emt 0:00:49]} 10. Ne5 {[%emt 0:00:11]} Bb7 {[%emt 0:02:42]} 11. Ndf3 {[%emt 0:08:59]} cxd4 {[%emt 0:02:55]} 12. Nxc6 {[%emt 0:00:08]} Bxc6 {[%emt 0:00:05]} 13. Nxd4 {[%emt 0:00:04]} Bb7 {[%emt 0:01:51]} 14. O-O-O {[%emt 0:00:36]} Qc7 {[%emt 0:02:58]} 15. Qe3 {[%emt 0:08:20]} a6 {[%emt 0:11:10]} 16. Rhe1 {[%emt 0:05:24]} Rfe8 {[%emt 0:00:45]} 17. Kb1 {[%emt 0:02:45]} Rac8 18. h3 b5 {[%emt 0:04:18]} 19. Qe5 Qb6 20. a3 Ne4 21. Qh5 g6 22. Qh6 Qc5 23. Re3 Nxf2 24. Rf1 Ne4 25. f5 Qf8 26. Qxf8+ Rxf8 27. fxe6 Nd2+ 28. Ka2 Nxf1 29. Bxf1 fxe6 30. Be2 Rce8 31. Rxe6 Rxe6 32. Nxe6 Rf2 33. Bf3 Kf7 34. Nc5 {[%emt 1:06:16]} Bc8 {[%emt 1:04:27]} 35. a4 Ke7 36. axb5 axb5 37. Ka3 Bxh3 38. Bxd5 Bxg2 0-1

[Event "8th RTU Open 2018"]
[Site "Riga"]
[Date "2018.08.11"]
[Round "8"]
[White "Kovalenko, Igor"]
[Black "Repka, Christopher"]
[Result "1-0"]
[WhiteElo "2641"]
[BlackElo "2528"]
[Annotator "TA"]
[PlyCount "71"]
[EventDate "2018.08.06"]
[EventType "swiss"]
[EventCountry "LAT"]
[SourceTitle "playchess.com"]
[Source "ChessBase"]
[SourceQuality "1"]

{[%evp 19,70,0,0,0,0,0,3,0,0,0,0,0,0,-16,0,0,35,20,19,0,20,0,44,30,36,43,104,101,279,279,273,274,280,271,393,319,317,323,334,252,256,261,259,223,669,220,241,232,236,216,5916,5895,29999]} 1. d4 Nf6 2. Nf3 d5 3. c4 c6 4. Nc3 e6 {[%cal Be7e6,Be6e5,Be5e4][%mdl 32]} 5. e3 Nbd7 6. Qc2 Bd6 7. b3 O-O 8. Bb2 e5 9. Be2 {D45: Semi-Slav: 5 e3} e4 10. Nd2 Nb8 {LiveBook: 8 Games} (10... Re8 11. g4 Nf8 12. h3 Be6 13. O-O-O a6 14. c5 Bc7 15. Rdg1 N6d7 16. h4 b6 17. cxb6 Nxb6 {0-1 (49) Duda,J (2717)-Wang,H (2709) Riadh 2017}) 11. O-O {The position is equal.} Na6 12. a3 Bg4 13. f3 exf3 14. Bxf3 {[#]} Re8 $146 ({Predecessor:} 14... Bxf3 15. Rxf3 Nc7 16. h3 Ne6 17. Raf1 Be7 18. Qd3 Rc8 19. R3f2 Ng5 20. e4 {½-½ (20) Kovalenko,I-Bokar,J (2552) ICCF email 2016}) 15. h3 Bxf3 16. Rxf3 Nc7 17. Raf1 Be7 18. Qd3 Ne6 19. b4 Rf8 20. R1f2 Ne8 21. cxd5 cxd5 22. e4 N8c7 (22... dxe4 $14 23. Ncxe4 N8c7) 23. exd5 $16 Nxd5 $2 (23... Ng5 $16 {was necessary.}) 24. Nxd5 $18 Qxd5 {[#]} 25. Rf5 $1 {[%cal Rf5d5]} Qd7 26. d5 {[%cal Bd4d5,Bd5d6][%mdl 32]} Nc7 (26... Rae8 {keeps fighting.} 27. Qc3 f6 28. dxe6 Qxe6) 27. Ne4 Ne8 28. d6 Bd8 29. Kh1 Rc8 30. Rf1 b6 31. R1f2 Bh4 $2 (31... a6 32. Qd5 h6) 32. R2f4 $2 (32. Rh5 {Strongly threatening Nc5.} f5 33. Rxh4 fxe4 34. Rxf8+ Kxf8 35. Rxe4 Nxd6 36. Be5) 32... Bd8 33. Rf3 h6 34. Rh5 {And now Rxh6! would win.} Bg5 $2 (34... f5 35. Qd5+ Qf7 36. Qxf5 Qxf5 37. Rhxf5 Nf6) 35. Nxg5 {[%csl Gg5][%cal Rd3h7] [#]} Qxd6 36. Qh7# {Precision: White = 71%, Black = 41%.} 1-0

[Event "8th RTU Open 2018"]
[Site "Riga"]
[Date "2018.08.11"]
[Round "8"]
[White "Bluebaum, Matthias"]
[Black "Mierins, Eriks"]
[Result "1-0"]
[WhiteElo "2637"]
[BlackElo "2235"]
[Annotator "TA"]
[PlyCount "91"]
[EventDate "2018.08.06"]
[EventType "swiss"]
[EventCountry "LAT"]
[SourceTitle "playchess.com"]
[Source "ChessBase"]
[SourceQuality "1"]

{[%evp 18,91,57,41,47,44,44,47,81,89,105,104,100,104,98,97,108,101,117,115,116,116,115,112,147,135,143,152,156,141,136,127,125,125,135,135,157,157,157,151,143,133,143,133,133,133,225,133,141,123,145,106,228,205,212,205,215,196,228,226,371,358,364,369,353,333,1183,1170,1152,1135,1943,1625,29983,29984,29996,29997]} 1. d4 Nf6 2. c4 e6 3. g3 d5 4. Bg2 Bb4+ 5. Nd2 c6 (5... O-O 6. Ngf3 dxc4 7. a3 Bxd2+ 8. Bxd2 Nc6 9. e3 b5 10. b3 Bb7 11. bxc4 bxc4 12. Rc1 a5 13. Rxc4 Ne7 14. Rc5 {½-½ (37) Yu,Y (2762)-Le,Q (2728) Danzhou 2018}) 6. Ngf3 {E01: Katalanisch} Nbd7 7. O-O O-O 8. Qc2 Re8 9. Rd1 Qe7 10. e4 {LiveBook: 3 Partien} dxe4 11. Nxe4 Nxe4 12. Qxe4 f6 $146 ({Vorgänger:} 12... Nf6 13. Qe2 Bd7 14. Ne5 Rad8 {1-0 (46) Sorokin,M (2555)-Rossetto,H (2285) La Plata 1997}) 13. Qc2 Qf7 {[#]} 14. c5 $1 {Droht Da4 und aus.} Ba5 15. Bf4 Nf8 16. Bd6 Ng6 17. b4 Bc7 {[#]} 18. Bxc7 $1 Qxc7 19. Nd2 Bd7 20. Nc4 Nh8 21. Be4 f5 22. Bg2 Nf7 23. f4 b5 24. Na5 a6 25. a4 Nh6 26. Bf3 Kf7 27. Qg2 {[%cal Ra5c6]} Rac8 28. Ra3 Ng8 29. Rda1 $36 {[%mdl 2048] zielt auf axb5 ab. Schwarz muss aufpassen.} Ne7 30. axb5 axb5 31. Nb3 {[%cal Ba5b3,Bb3c1,Bc1d3,Bd3e5][%mdl 32]} Nd5 (31... Rb8 $16 32. Nc1 Rec8) 32. Qd2 ({Lieber} 32. Ra7 $18 Qd8 33. Na5) 32... Rb8 33. Nc1 Kg8 34. Nd3 Re7 (34... Bc8 $16 {ist wohl besser.} 35. Ne5 Re7) 35. Ne5 $18 Be8 36. Bxd5 exd5 37. Qa2 Kf8 38. Ra8 Rb7 (38... Qb7 {war nötig.} 39. Ra6 Qc8) 39. Qc2 g6 40. R1a6 Kg7 41. Qa2 h6 $2 {[#]} (41... Rb8 42. Qa5 Rxa8 43. Rxa8 Qb7) 42. Rxe8 $1 {[%mdl 512]} Rxe8 43. Rxc6 Qd8 44. Rxg6+ Kh7 45. Qa6 Ree7 46. Rxh6+ {Precision: Weiß = 83%, Schwarz = 34%.} 1-0

[Event "8th RTU Open 2018"]
[Site "Riga"]
[Date "2018.08.11"]
[Round "8"]
[White "Donchenko, Alexander"]
[Black "Kreisl, Robert"]
[Result "1/2-1/2"]
[WhiteElo "2612"]
[BlackElo "2404"]
[Annotator "TA"]
[PlyCount "56"]
[EventDate "2018.08.06"]
[EventType "swiss"]
[EventCountry "LAT"]
[SourceTitle "playchess.com"]
[Source "ChessBase"]
[SourceQuality "1"]

{[%evp 17,56,0,0,-23,12,0,19,16,28,0,25,28,57,64,67,76,103,49,52,58,64,47,61,50,73,65,62,63,84,74,74,74,75,74,93,13,14,0,0,-11,0]} 1. d4 Nf6 {[%cal Bg8f6,Bf6d7,Bd7b6][%mdl 32]} 2. c4 g6 3. g3 c6 4. Bg2 d5 5. Qa4 (5. b3 Bg7 6. Nf3 O-O 7. O-O dxc4 8. bxc4 c5 9. Bb2 cxd4 10. Nxd4 Qb6 11. Qc1 Bd7 12. Nd2 Nc6 13. e3 Rac8 14. Bc3 Nxd4 15. exd4 Bf5 16. Qa3 Bd3 17. Rfe1 Bxc4 18. Nxc4 Rxc4 19. Rab1 {½-½ (36) Mamedyarov,S (2814)-Radjabov,T (2748) Shamkir 2018}) 5... Nfd7 6. cxd5 {D71: Fianchetto Grünfeld: 3 g3 d5 sidelines and 5 cxd5 (without Nf3)} Nb6 7. Qd1 cxd5 8. Nc3 Nc6 9. e3 Bf5 {LiveBook: 4 Games} 10. Nh3 Bxh3 11. Bxh3 Bg7 12. O-O O-O 13. a4 $146 a5 14. b3 e5 {[%cal Re5d4]} 15. Nb5 exd4 16. exd4 Qf6 {[%cal Rc6d4]} 17. Ba3 (17. Be3 $16) 17... Rfd8 $1 $14 18. Ra2 Nc8 ({Not} 18... Nxd4 $2 19. Bb2 $18) 19. Bg2 {Black must now prevent Nc7.} N8e7 20. Re1 Rac8 21. Rae2 Nf5 {[%cal Rc6d4]} 22. Nc7 Ncxd4 23. Re8+ Rxe8 24. Nxe8 Qb6 25. Nxg7 Nxg7 26. Bxd5 (26. Bb2 $16 Nge6 27. Bxd5) 26... Rd8 $1 $11 {[%cal Rd8d5] The position is equal.} 27. Bc4 Ngf5 {[#] Threatens to win with ...Qc6.} 28. Bf1 Ne6 {Precision: White = 49%, Black = 56%.} 1/2-1/2

[Event "8th RTU Open 2018"]
[Site "Riga"]
[Date "2018.08.11"]
[Round "8"]
[White "Smirin, Ilia"]
[Black "Merry, Alan B"]
[Result "1-0"]
[WhiteElo "2602"]
[BlackElo "2445"]
[Annotator "TA"]
[PlyCount "77"]
[EventDate "2018.08.06"]
[EventType "swiss"]
[EventCountry "LAT"]
[SourceTitle "playchess.com"]
[Source "ChessBase"]
[SourceQuality "1"]

{[%evp 15,76,-16,0,-21,0,-15,-15,-15,-15,-12,-21,-19,-10,-13,0,-14,-21,-13,0,-50,50,53,56,60,111,99,195,193,189,177,405,405,390,390,394,274,257,251,488,502,450,169,445,111,450,130,528,499,643,673,1487,1447,1708,1593,29988,29983,29996,29997,29997,29998,29998,29999,29999]} 1. e4 e6 2. d4 d5 3. Nd2 c5 4. Ngf3 cxd4 5. Nxd4 Nc6 6. Bb5 Bd7 7. Bxc6 {C07: French Tarrasch: 3...c5, 4 Ngf3 and 4 exd5 Qxd5} (7. Nxc6 bxc6 8. Bd3 Bd6 9. Qe2 Ne7 10. Nf3 h6 11. c4 O-O 12. O-O a5 13. Re1 a4 14. Bd2 Rb8 15. Bc3 Bb4 16. Ne5 Bxc3 17. bxc3 {½-½ (52) Navara,D (2740)-Kovalenko,I (2639) Katowice 2017}) 7... bxc6 8. O-O Bd6 {LiveBook: 4 Games} 9. Re1 {The position is equal.} Qc7 10. exd5 $146 ({Predecessor:} 10. N4f3 Ne7 11. e5 Bc5 12. Nb3 Bb6 13. a4 a5 14. Bg5 Ng6 {0-1 (29) Bulgarini Torre,M (1978)-Valenzuela Gomez,F (2226) Antofagasta 2015}) 10... cxd5 11. Nf5 Bxh2+ 12. Kh1 Kf8 13. Nf3 exf5 14. Nxh2 Be6 15. b3 Nf6 16. Bb2 Ne4 17. Kg1 f6 (17... h5 $15) 18. Nf3 $1 $14 {[%cal Bh2f3,Bf3d4,Bd4c6][%mdl 1056] White has compensation.} Rd8 19. Nd4 Bc8 (19... Bd7 $14) 20. Qh5 $16 Qf4 (20... h6 $16) 21. f3 $18 g6 22. Qh2 $36 {[%mdl 2048] White is really pushing.} Ng3 $2 (22... Qxh2+ {might work better.} 23. Kxh2 Kf7 24. fxe4 dxe4) 23. Nc6 $1 {[%csl LRa7,LRd8,LRf6]} Re8 24. Bxf6 Re2 {[%cal Rf4e3] [#]} 25. Qxg3 $1 {[%mdl 512]} Qxg3 {[%csl Ge2][%cal Rg3g2]} 26. Rxe2 Rg8 $2 (26... Qc7 27. Bxh8 Qxc6) 27. Rae1 Bd7 28. Be5 $2 (28. Ne5 Be8 29. Rd1) 28... f4 $2 {[#]} (28... Qxe1+ 29. Rxe1 Bxc6 30. Bd6+ Kg7 31. Re7+ Kf6 32. Rxh7 a5) 29. Ne7 $1 {[%mdl 512]} Bb5 $2 {[%mdl 8192]} (29... Qxe1+ $16 30. Rxe1 Kxe7 31. Bxf4+ Kf7) (29... Kxe7 30. Bxf4+) 30. Rf2 $2 (30. c4 $18 dxc4 31. a4 (31. Nxg8 cxb3 32. Nf6 Bxe2 $18)) 30... h5 $2 {[%mdl 8192]} (30... Qxf2+ $16 31. Kxf2 Kxe7 32. Bxf4+ Kf7) 31. Nxd5 {Black must now prevent Bd6+.} g5 32. c4 {[%cal Bc2c4,Bc4b5][%mdl 32]} h4 33. cxb5 h3 34. Bd4 Rh8 35. Rfe2 {White mates.} hxg2 36. Re8+ Kf7 37. R1e7+ Kg6 38. Rg7+ Kf5 39. Re5# {Precision: White = 52%, Black = 13%.} 1-0

[Event "8th RTU Open 2018"]
[Site "Riga"]
[Date "2018.08.11"]
[Round "8"]
[White "Schroeder, Jan Christian"]
[Black "Rostgaard, Tobias Valentin"]
[Result "1-0"]
[WhiteElo "2573"]
[BlackElo "2386"]
[Annotator "TA"]
[PlyCount "79"]
[EventDate "2018.08.06"]
[EventType "swiss"]
[EventCountry "LAT"]
[SourceTitle "playchess.com"]
[Source "ChessBase"]
[SourceQuality "1"]

{[%evp 26,79,21,4,14,10,12,14,15,0,35,0,0,5,0,-26,59,54,49,49,67,21,17,11,83,73,61,54,120,125,163,162,245,210,265,280,310,306,314,249,251,250,339,352,347,342,329,353,357,357,492,500,495,495,468,478]} 1. e4 e5 2. Nf3 Nc6 3. Bb5 a6 4. Ba4 Nf6 5. O-O Be7 6. Re1 b5 7. Bb3 O-O 8. d4 d6 9. c3 Bg4 10. d5 Na5 11. Bc2 c6 12. h3 Bh5 13. dxc6 {C91: Spanische Partie (Abweichungen von der Hauptvariante)} Nxc6 14. Bg5 {LiveBook: 10 Partien} (14. Nbd2 d5 15. exd5 Qxd5 16. Ne4 Qxd1 17. Rxd1 Rad8 18. Be3 {½-½ (18) Delorme,A (2507)-Demuth,A (2537) Sitges 2015}) 14... Qc7 15. Nbd2 {Die Stellung ist ausgeglichen.} Rfd8 16. Bxf6 Bxf6 17. Bb3 $146 ({Vorgänger:} 17. Nf1 Bxf3 18. Qxf3 Bg5 19. Bb3 Ra7 20. Qg4 Bh6 {0-1 (36) Velimirovic,D-Tsvetkov,A Polanica Zdroj 1964}) 17... Na5 18. Bd5 Rab8 19. g4 Bg6 20. Rc1 {[%cal Ba1c1,Bc1c2,Bc2d2][%mdl 32]} Nc4 (20... Qd7 $11) 21. Nxc4 $14 bxc4 22. Qe2 $36 {[%mdl 2048] Weiss kämpft um Vorteil.} Rdc8 23. Rc2 Rb5 24. Rd2 Be7 (24... Rc5 $11 {bleibt in der Remisbreite.}) 25. h4 $16 {Und h5 würde nun gewinnen.} h6 26. Kh2 Kf8 (26... Rc5 $14) 27. Rg1 Bh7 28. g5 h5 {[#]} (28... hxg5 {war angesagt.} 29. Nxg5 Bg8) 29. Ne1 $1 $18 {[%cal Bf3e1,Be1g2,Bg2f4][%mdl 32]} Bg6 30. Ng2 Rxd5 31. Rxd5 f6 32. f4 Bf7 33. Rd2 exf4 34. Nxf4 d5 {[#]} 35. e5 $1 Qxe5 36. Qxe5 fxe5 37. Nxd5 Bg6 38. Rf1+ {Weiß steht klar auf Gewinn.} Ke8 39. Re1 Bd6 40. Nf4 {Precision: Weiß = 75%, Schwarz = 31%.} 1-0

[Event "8th RTU Open 2018"]
[Site "Riga"]
[Date "2018.08.11"]
[Round "8"]
[White "Kulaots, Kaido"]
[Black "Arnold, Max"]
[Result "1-0"]
[WhiteElo "2554"]
[BlackElo "2260"]
[Annotator "TA"]
[PlyCount "63"]
[EventDate "2018.08.06"]
[EventType "swiss"]
[EventCountry "LAT"]
[SourceTitle "playchess.com"]
[Source "ChessBase"]
[SourceQuality "1"]

{[%evp 18,63,0,0,0,0,0,0,0,0,0,0,0,0,0,-15,-22,-17,-4,-18,-11,-21,-26,-23,0,0,0,-50,-24,-52,-23,-25,-19,-67,0,0,367,365,428,375,559,540,1313,1313,1272,1277,1255,1225]} 1. Nf3 d5 2. c4 d4 3. b4 f6 4. e3 e5 5. c5 a5 6. Qa4+ {A09: Réti Opening: 1 Nf3 d5 2 c4} Bd7 7. b5 Bxc5 8. Bc4 Ne7 9. exd4 exd4 10. Ba3 $1 {[%cal Ra3c5] [#] LiveBook: 8 Games} Na6 $1 {[%mdl 512]} (10... Bxa3 11. Nxa3 Bg4 12. Nxd4 Nd7 {½-½ (38) Caruana,F (2823)-Topalov,V (2760) Saint Louis 2016}) 11. O-O (11. bxa6 Bxa4) 11... Nb4 12. d3 c6 13. Nbd2 $146 Qb6 {[%cal Rc6b5]} 14. bxc6 Bxc6 15. Qb3 O-O-O 16. Rab1 Ned5 $36 {[%mdl 2048] Black is more active.} 17. Bxb4 axb4 18. Bxd5 Bxd5 19. Qc2 {Threatens to win with Rfc1.} Kb8 {[#]} 20. a3 $1 {[%mdl 512]} Rc8 (20... bxa3 21. Rxb6) 21. axb4 Bd6 22. Qb2 Rc3 23. Ne4 Bxe4 24. dxe4 Rhc8 25. Qa2 R8c4 ({Better is} 25... d3 $15) 26. Ra1 $11 {[%cal Bb1a1,Ba1a8,Ba8c8][%mdl 32] Qa8+ is the strong threat.} Kc8 $2 {[%mdl 8192]} (26... Qa6 $11 {and Black has nothing to worry.} 27. Qb2 Qb5) 27. Nd2 $18 Rxb4 {intending ...Qd8.} 28. Qg8+ Kc7 (28... Kd7 {might work better.} 29. e5 Be7) 29. Ra8 {[%csl Ga8][%cal Rg8c8] White is clearly winning.} Kc6 30. Qe8+ Kc5 31. Rc8+ Bc7 32. Qd7 {Precision: White = 78%, Black = 33%.} 1-0

[Event "8th RTU Open 2018"]
[Site "Riga"]
[Date "2018.08.11"]
[Round "8"]
[White "Kollars, Dmitrij"]
[Black "Seyb, Alexander"]
[Result "1/2-1/2"]
[WhiteElo "2549"]
[BlackElo "2383"]
[Annotator "TA"]
[PlyCount "67"]
[EventDate "2018.08.06"]
[EventType "swiss"]
[EventCountry "LAT"]
[SourceTitle "playchess.com"]
[Source "ChessBase"]
[SourceQuality "1"]

{[%evp 10,67,39,36,45,48,68,73,92,57,127,135,132,113,108,87,70,71,108,56,177,93,113,110,105,110,120,102,112,111,113,120,87,104,122,97,110,0,0,0,0,-7,-4,-101,-37,-22,15,14,23,35,16,23,34,0,0,0,16,0,0,0]} 1. e4 d6 2. d4 Nf6 3. Nc3 g6 4. Bg5 c6 5. Qd2 Nbd7 6. O-O-O {LiveBook: 3 Partien. B07: Pirc-Ufimzew-Verteidigung} (6. f4 d5 7. e5 Ne4 8. Nxe4 dxe4 9. Ne2 f6 10. Bh4 Bh6 11. Nc3 fxe5 12. dxe5 Rf8 13. g3 Qc7 14. Qe2 Nxe5 15. fxe5 Rf3 16. Qc4 Qb6 17. Nxe4 Bg4 18. Be2 Qe3 19. Rd1 Bf5 20. Bg5 Bxg5 21. Qg8# {1-0 (21) Landa,K (2615)-Marin,M (2528) Porto Mannu 2017 CBM 179 [Marin,M]}) 6... h6 7. Bh4 g5 8. Bg3 {Weiß steht etwas besser.} Nh5 9. e5 $146 ({Vorgänger:} 9. Be2 Nxg3 10. hxg3 Bg7 11. f4 c5 12. fxg5 cxd4 13. Nb5 hxg5 {1-0 (31) Weiss,C (2290)-Schlosser,M (2380) Austria 1996}) 9... Qa5 (9... Nb6 $14) 10. exd6 $16 Nxg3 11. hxg3 ({Bloß nicht} 11. fxg3 e6 $14) 11... exd6 12. Nf3 Bg7 13. Re1+ Kd8 14. d5 ({Günstiger ist} 14. Bc4 $16) 14... c5 (14... cxd5 $1 $14 15. Kb1 Ne5) 15. Nxg5 (15. Qe3 $1 $18 {[%cal Re3e7] De7+ ist eine echte Drohung.} Bxc3 16. bxc3) 15... hxg5 16. Qxg5+ Kc7 17. Rxh8 Bxh8 {[#]} 18. Nb5+ $1 ({Falsch wäre} 18. Re8 $2 Bf6 $19) 18... Kb8 {[%cal Ra5e1]} 19. Qe7 Qb6 20. Qxd6+ Qxd6 21. Nxd6 Kc7 22. Nxf7 Bd4 23. Re2 (23. Re7 $16) 23... Nb6 $1 $36 {[%mdl 2048] Schwarz hat Initiative.} 24. d6+ Kc6 25. c3 Bf6 26. f4 {[#]} (26. Re4 $11) 26... Bg4 (26... Bd7 $1 $17 27. Re1 Rf8 28. Ne5+ Kxd6) 27. Re1 $15 Rg8 28. Nh6 Rg6 29. Nxg4 Rxg4 30. Re6 Bd8 31. Re8 (31. Bd3 $5 {[%cal Rd3e4]}) 31... Bf6 {Die Stellung ist ausgeglichen.} 32. Re6 Bd8 $1 33. Re8 Bf6 34. Re6 {Precision: Weiß = 43%, Schwarz = 57%.} 1/2-1/2